Fisiopatología clínica (Record no. 171370)

MARC details
000 -LEADER
campo de control de longitud fija 00593nam a22001575i 4500
001 - NÚMERO DE CONTROL
campo de control 171370
003 - IDENTIFICADOR DE NÚMERO DE CONTROL
campo de control ES-MaACL
005 - FECHA Y HORA DE LA ÚLTIMA TRANSACCIÓN
campo de control 20230906214620.0
008 - DATOS DE LONGITUD FIJA--INFORMACIÓN GENERAL
campo de control de longitud fija 090513s1952 mx |||| | spa d
100 1# - ENTRADA PRINCIPAL--NOMBRE DE PERSONA
Nombre de persona Sodeman, William A.
9 (RLIN) 140097
245 10 - MENCIÓN DEL TÍTULO
Título Fisiopatología clínica
Resto del título : mecanismo de producción de los síntimos /
Mención de responsabilidad, etc. dirigida por William A. Sodeman ; traducida al español y prologada por Alberto Folch y Pi.
260 ## - PUBLICACIÓN, DISTRIBUCIÓN, ETC.
Lugar de publicación, distribución, etc. México :
Nombre del editor, distribuidor, etc. Interamericana,
Fecha de publicación, distribución, etc. 1952.
300 ## - DESCRIPCIÓN FÍSICA
Extensión XXXI, 828 p. :
Otras características físicas il. ;
Dimensiones 25 cm.
700 1# - ENTRADA AGREGADA--NOMBRE PERSONAL
Nombre de persona Folch i Pi, Alberto.
9 (RLIN) 51452
852 ## - LOCALIZACIÓN
Ubicación ES-MaACL
Número de control de estantería C-9040
itemnumber R.37018
Holdings
Estatus retirado Estado de pérdida Estado de daño No para préstamo Biblioteca de origen Biblioteca actual Ubicación en estantería Fecha de adquisición Fuente de adquisición Total de préstamos Signatura topográfica completa Código de barras Visto por última vez Precio de reemplazo Tipo de ítem Koha
        Biblioteca del Ateneo de Madrid Biblioteca del Ateneo de Madrid Sala Palomar 13/05/2009     C-9040 1179845 23/02/2023 23/02/2023 Libro impreso